Представление документа в формате RUSMARC

Поле Инд. ПП Название Значение
Тип записи a
Библиографический уровень a
001 Контрольный номер 87702313c197444e8a90ddf423c86f88
005 Дата корректировки 20181120134551.3
100 a Данные общей обработки 20180302 ||| 0rusy0189 ca
101 0_ a Язык текста rus
102 a Страна публикации RU
200 1_ f Первые сведения об ответственности А.Э. Кондрашов, Л.Н. Варламова
a Заглавие Национальные стандарты РФ по различным аспектам защиты информации и информационной безопасности
210 d Дата издания 2018
461 _0 1 2000
a Делопроизводство
463 _0 1 2000
a №1
v С.53-62
1 2101
d 2018
1 00130c8f6bf80bd4165878b39490fdebed6
606 a Основная рубрика Информационное право
610 0_ a Ключевые слова БЕЗОПАСНОСТЬ ИНФОРМАЦИОННАЯ
700 _1 a Фамилия Кондрашов
b Имя А.Э.
701 _1 a Фамилия Варламова
b Имя Л.Н.
801 _0 a Страна RU
b Организация РГУП
c Дата составления 20180302
g Правила каталогизации PSBO
801 _1 a Страна RU
b Организация РГУП
c Дата составления 20180302
g Правила каталогизации PSBO
901 t Тип документа b
w Контрольный № источника 30c8f6bf80bd4165878b39490fdebed6
905 a Дата ввода 20180302